North American Countries in their Native Language - Statistics

General Stats
  • This quiz has been taken 36 times
  • The average score is 22 of 23
Answer Stats
Country English % Correct
Bahamas Bahamas
100%
Belize Belize
100%
Cuba Cuba
100%
Dominica Dominica
100%
El Salvador El Salvador
100%
Nicaragua Nicaragua
100%
Panamá Panama
100%
United States United States
100%
Antigua & Barbuda Antigua & Barbuda
97%
República Dominicana Dominican Republic
97%
Honduras Honduras
97%
Jamaica Jamaica
97%
Barbados Barbados
94%
Canada Canada
94%
Haïti Haiti
94%
México Mexico
94%
St. Vincent & the Grenadines St. Vincent & the Grenadines
94%
Gwenad Grenada
90%
St. Kitts & Nevis St. Kitts and Nevis
90%
St. Lucia St. Lucia
90%
Costa Rica Costa Rica
87%
Trinidad & Tobago Trinidad & Tobago
87%
Guatemala Guatemala
77%
No matching quizzes found
Score Distribution
Percent of People with Each Score
Percentile by Number Answered
Your Score History
You have not taken this quiz